<?xml version="1.0" encoding="UTF-8"?>
<record
    xmlns:xsi="http://www.w3.org/2001/XMLSchema-instance"
    xsi:schemaLocation="http://www.loc.gov/MARC21/slim http://www.loc.gov/standards/marcxml/schema/MARC21slim.xsd"
    xmlns="http://www.loc.gov/MARC21/slim">

  <leader>00836cam a22002411  4500</leader>
  <controlfield tag="001">ne 68002213 </controlfield>
  <controlfield tag="003">DLC</controlfield>
  <controlfield tag="005">20260227111843.0</controlfield>
  <controlfield tag="008">860122s1964    ir acf        001 0 per  </controlfield>
  <datafield tag="010" ind1=" " ind2=" ">
    <subfield code="a">ne 68002213 </subfield>
  </datafield>
  <datafield tag="035" ind1=" " ind2=" ">
    <subfield code="a">(OCoLC)13049870</subfield>
  </datafield>
  <datafield tag="040" ind1=" " ind2=" ">
    <subfield code="a">DLC</subfield>
    <subfield code="c">TxU</subfield>
    <subfield code="d">TxU</subfield>
    <subfield code="d">DLC</subfield>
  </datafield>
  <datafield tag="042" ind1=" " ind2=" ">
    <subfield code="a">premarc</subfield>
  </datafield>
  <datafield tag="050" ind1="0" ind2="0">
    <subfield code="a">PK6561.F27</subfield>
    <subfield code="b">M3</subfield>
  </datafield>
  <datafield tag="100" ind1="2" ind2=" ">
    <subfield code="a">Fa&#x1E63;&#x12B;&#x1E25;&#x12B; Tihr&#x101;n&#x12B;, Z&#x332;ab&#x12B;h All&#x101;h.</subfield>
  </datafield>
  <datafield tag="245" ind1="1" ind2="0">
    <subfield code="a">Man&#x1E93;&#x16B;mah-i muntakhab-i mugh&#x101;n, y&#x101;, N&#x101;dir-i dawr&#x101;n</subfield>
    <subfield code="c">as&#x332;ar-i Z&#x332;ab&#x12B;h All&#x101;h Fa&#x1E63;&#x12B;&#x1E25;&#x12B; Tihr&#x101;n&#x12B;.</subfield>
  </datafield>
  <datafield tag="260" ind1=" " ind2=" ">
    <subfield code="a">Tihr&#x101;n,</subfield>
    <subfield code="b">M&#x16B;&#x2BC;assasah-&#x2BC;i ma&#x1E6D;b&#x16B;&#x2BB;&#x101;t&#x12B;-i Ashraf&#x12B;,</subfield>
    <subfield code="c">1343 [1964]</subfield>
  </datafield>
  <datafield tag="300" ind1=" " ind2=" ">
    <subfield code="a">21, 667 p.</subfield>
    <subfield code="b">illus., col. plates, ports. (part col.)</subfield>
    <subfield code="c">22 cm.</subfield>
  </datafield>
  <datafield tag="500" ind1=" " ind2=" ">
    <subfield code="a">Includes indexes.</subfield>
  </datafield>
  <datafield tag="600" ind1="0" ind2="0">
    <subfield code="a">N&#x101;dir Sh&#x101;h,</subfield>
    <subfield code="c">Shah of Iran,</subfield>
    <subfield code="d">1688-1747</subfield>
    <subfield code="v">Poetry.</subfield>
  </datafield>
  <datafield tag="740" ind1="0" ind2=" ">
    <subfield code="a">Muntakhab-i mugh&#x101;n.</subfield>
  </datafield>
  <datafield tag="740" ind1="0" ind2=" ">
    <subfield code="a">N&#x101;dirdawr&#x101;n.</subfield>
  </datafield>
  <datafield tag="999" ind1=" " ind2=" ">
    <subfield code="c">50471</subfield>
    <subfield code="d">50471</subfield>
  </datafield>
</record>
